| 000 | 00681nam a2200193 a 4500 | ||
|---|---|---|---|
| 001 | 0683 | ||
| 005 | 20140414132146.0 | ||
| 008 | 040927s19uu xx 00 eng d | ||
| 020 | _a0-439-08135-1 | ||
| 050 |
_aKIT(LCER) 372.414 _bL46 1999 |
||
| 245 |
_aLearning centers literacy center : _b120 learning centers activities. |
||
| 260 |
_aNew York : _bScholastic, _c1999. |
||
| 300 | _a p. : ill. ; cm. | ||
| 440 | _aLearning center emergent readers | ||
| 520 | _aThis guide helps you organize and implement an effective classroom literacy curriculum. | ||
| 650 | _aReadiness and method of instruction. | ||
| 650 |
_aEnglish language _xjuvenile literature. |
||
| 999 |
_c115434 _d115434 |
||